駅名に「東」を含む駅 - Statistics

General Stats
  • This quiz has been taken 341 times
  • The average score is 86 of 286
Answer Stats
Hint Answer % Correct
千代田区 東京
82%
東浦町 東浦
78%
さいたま市 東浦和
75%
京都市 | 生駒市 東山
75%
東海村 東海
74%
東金市 東金
73%
船橋市 東船橋
72%
さいたま市 東大宮
69%
川口市 東川口
69%
東久留米市 東久留米
69%
東根市 東根
68%
千葉市 東千葉
68%
新宿区 東新宿
68%
松戸市 東松戸
67%
東村山市 東村山
67%
東松山市 東松山
66%
小金井市 東小金井
66%
中野区 東中野
65%
仙台市 東仙台
64%
横浜市 東神奈川
64%
所沢市 東所沢
63%
青梅市 東青梅
62%
飯能市 東飯能
61%
成田市 東成田
60%
府中市 東府中
60%
青森市 東青森
59%
福島市 東福島
59%
根室市 東根室
58%
東根市 さくらんぼ東根
58%
豊島区 東池袋
58%
釧路市 東釧路
57%
室蘭市 東室蘭
56%
我孫子市 東我孫子
55%
江東区 東京テレポート
55%
静岡市 東静岡
55%
札幌市 東札幌
54%
北区 東十条
54%
新潟市 東新潟
54%
旭川市 東旭川
53%
東大和市 東大和市
53%
三条市 東三条
53%
金沢市 東金沢
53%
能代市 東能代
52%
逗子市 東逗子
52%
白石市 東白石
51%
文京区 東大前
51%
福生市 東福生
51%
富山市 東富山
51%
舞鶴市 東舞鶴
51%
中央区 東銀座
50%
岡山市 東岡山
50%
滝川市 東滝川
49%
岡崎市 東岡崎
49%
日光市 東武日光
48%
久喜市 東鷲宮
48%
あきる野市 東秋留
48%
塩竈市 東塩釜
47%
姫路市 東姫路
47%
宮代町 東武動物公園
46%
中央区 東日本橋
46%
山梨市 東山梨
46%
豊橋市 東田
46%
岸和田市 東岸和田
46%
福山市 東福山
46%
水戸市 東水戸
45%
宇都宮市 東武宇都宮
45%
伊東市 伊東
45%
加古川市 東加古川
45%
結城市 東結城
44%
行田市 東行田
44%
江東区 東陽町
44%
昭島市 東中神
43%
栗東市 栗東
43%
板橋区 東武練馬
42%
秦野市 東海大学前
42%
京都市 | 恵那市 東野
42%
東松島市 東名
41%
大館市 東大館
41%
酒田市 東酒田
41%
杉並区 東高円寺
41%
大垣市 東大垣
41%
刈谷市 東刈谷
41%
生駒市 東生駒
41%
萩市 東萩
41%
森町 東森
40%
山武市 成東
40%
小浜市 東小浜
40%
向日市 東向日
40%
岩美町 東浜
40%
津山市 東津山
40%
板倉町 板倉東洋大前
39%
東栄町 東栄
39%
貝塚市 東貝塚
39%
和歌山市 | 松江市 東松江
39%
尾道市 東尾道
39%
墨田区 東あずま
38%
横浜市 東戸塚
38%
毛呂山町 東毛呂
37%
東員町 東員
37%
江東区 東大島
36%
目黒区 駒場東大前
36%
世田谷区 東北沢
36%
豊島区 東長崎
36%
山北町 東山北
36%
松阪市 東松阪
36%
八千代市 東葉勝田台
35%
墨田区 東向島
35%
滑川市 東滑川
35%
堺市 堺東
35%
唐津市 東唐津
35%
大崎市 東大崎
34%
横浜市 京急東神奈川
34%
柏崎市 東柏崎
34%
小諸市 東小諸
34%
名古屋市 | 米子市 東山公園
34%
泉佐野市 東佐野
34%
大泉町 東小泉
33%
西東京市 東伏見
33%
日光市 東武ワールドスクウェア
32%
江東区 東京ビッグサイト
32%
富士市 東田子の浦
32%
別府市 東別府
32%
中津市 東中津
32%
飯能市 東吾野
31%
船橋市 東海神
31%
京都市 東寺
31%
大阪市 東淀川
31%
総社市 東総社
31%
富岡市 東富岡
30%
さいたま市 東岩槻
30%
江東区 東京国際クルーズターミナル
30%
豊島区 東池袋四丁目
30%
庄原市 東城
30%
宿毛市 東宿毛
30%
諫早市 東諫早
30%
江東区 | 舞鶴市 東雲
29%
大阪市 東梅田
29%
世田谷区 東松原
28%
船橋市 東中山
27%
一宮町 東浪見
27%
小川町 東武竹沢
26%
横浜市 東白楽
26%
豊川市 東上
26%
宇都宮市 宇都宮駅東口
25%
栃木市 東武金崎
25%
伊東市 南伊東
24%
京都市 東福寺
24%
大阪市 東三国
24%
宗像市 東郷
24%
福津市 東福間
24%
多久市 東多久
24%
北見市 東相内
23%
東松島市 東矢本
23%
相模原市 東林間
23%
東大阪市 東花園
23%
中間市 東中間
23%
美浜町 東美浜
22%
水巻町 東水巻
22%
袖ケ浦市 東横田
21%
新潟市 東新津
21%
熊本市 東海学園前
21%
都農町 東都農
21%
矢祭町 東館
20%
木更津市 東清川
20%
川崎市 東門前
20%
新城市 東新町
20%
仙台市 東照宮
19%
仙台市 東北福祉大前
19%
足利市 東武和泉
19%
さいたま市 東宮原
19%
富山市 東新庄
19%
名古屋市 東枇杷島
19%
高石市 東羽衣
19%
明石市 東二見
19%
柴田町 東船岡
18%
多良木町 東多良木
18%
北斗市 東久根別
17%
荒川区 東尾久三丁目
17%
横浜市 東山田
17%
都留市 東桂
17%
名古屋市 瑞穂運動場東
17%
津市 東青山
17%
たつの市 東觜崎
17%
日置市 東市来
17%
札幌市 東区役所前
16%
八峰町 東八森
16%
いすみ市 太東
16%
名古屋市 東名古屋港
16%
半田市 東成岩
16%
神戸市 東須磨
16%
西宮市 甲東園
16%
広島市 中野東
16%
八幡平市 東大更
15%
山形市 東金井
15%
宇部市 | 桐生市 東新川
15%
三条市 東光寺
15%
中央市 東花輪
15%
名古屋市 東大手
15%
西尾市 東幡豆
15%
津市 東一身田
15%
都城市 東高崎
15%
いなべ市 東藤原
14%
大阪市 東部市場前
14%
雲南市 出雲大東
14%
福岡市 東比恵
14%
島原市 大三東
14%
平戸市 東田平
14%
会津若松市 東長原
13%
射水市 東新湊
13%
名古屋市 東別院
13%
神戸市 東垂水
13%
八頭町 東郡家
13%
雲南市 南大東
13%
あさぎり町 東免田
13%
札幌市 環状通東
12%
宇都宮市 宇都宮大学陽東キャンパス
12%
大多喜町 東総元
12%
横浜市 阪東橋
12%
大阪市 東天下茶屋
12%
宇部市 厚東
12%
弘前市 弘前東高前
11%
宇都宮市 駅東公園前
11%
宇都宮市 ゆいの杜東
11%
いすみ市 上総東
11%
大阪市 ポートタウン東
11%
八頭町 八東
11%
札幌市 新道東
10%
舟形町 東長沢
10%
伊万里市 | 須賀川市 川東
10%
阿賀町 東下条
10%
富山市 東岩瀬
10%
黒部市 東三日市
10%
豊橋市 東田坂上
10%
大阪市 住吉東
10%
大阪市 南港東
10%
広島市 紙屋町東
10%
指宿市 東開聞
10%
前橋市 城東
9%
南砺市 東石黒
9%
名古屋市 東海通
9%
新城市 三河東郷
9%
大阪市 東粉浜
9%
吹田市 公園東口
9%
津和野町 東青原
9%
鳴門市 板東
9%
諫早市 東園
9%
宇都宮市 陽東3丁目
9%
札幌市 北13条東
8%
砺波市 東野尻
8%
福井市 越前東郷
8%
松本市 渕東
8%
浜松市 東都筑
8%
西宮市 東鳴尾
8%
和歌山市 山東
8%
廿日市市 阿品東
8%
南国市 後免東町
8%
札幌市 東本願寺前
7%
宇都宮市 東宿郷
7%
富山市 東八尾
7%
神戸町 東赤坂
7%
堺市 東湊
7%
岡山市 東山・おかでんミュージアム駅
7%
札幌市 東屯田通
6%
広島市 東高須
6%
高知市 曙町東町
6%
大牟田市 東甘木
6%
諫早市 諫早東高校
6%
豊橋市 東八町
5%
大阪市 東玉出
5%
伊万里市 東山代
5%
福井市 東藤島
4%
岡山市 東中央町
4%
広島市 安東
4%
鹿児島市 甲東中学校前
4%
高知市 東新木
3%
高知市 葛島橋東詰
3%
南国市 東工業前
3%
みやこ町 東犀川三四郎
3%
高松市 木太東口
2%
No matching quizzes found
Score Distribution
Percent of People with Each Score
Percentile by Number Answered
Your Score History
You have not taken this quiz